书目信息 |
| 题名: |
结构力学解题指导及习题集
|
|
| 作者: | 钟朋主编 | |
| 分册: | ||
| 出版信息: | 北京 高等教育出版社 1987.09 |
|
| 页数: | 530页 | |
| 开本: | 32开 | |
| 丛书名: | ||
| 单 册: | ||
| 中图分类: | TU311-44 | |
| 科图分类: | ||
| 主题词: | ||
| 电子资源: | ||
| ISBN: | 7-04-000160-8 | |
| 000 | 00474nam0 2200157 45 | |
| 001 | 0199005932 | |
| 005 | 20081029144401.71 | |
| 010 | @a7-04-000160-8@d4.00元 | |
| 100 | @a19990804d km y0chiy0120 ea | |
| 101 | 0 | @achi |
| 200 | 1 | @AJIE GOU LI XUE JIE TI ZHI DAO JI XI TI JI@FZHONG PENG ZHU BIAN@a结构力学解题指导及习题集@f钟朋主编 |
| 210 | @a北京@c高等教育出版社@d1987.09 | |
| 215 | @a530页@c无图表@d32开 | |
| 690 | @aTU311-44 | |
| 801 | 0 | @c20081029 |
| 905 | @dTU311-44@eZH.275@f16 | |
| 结构力学解题指导及习题集/钟朋主编.-北京:高等教育出版社,1987.09 |
| 530页:无图表;32开 |
| ISBN 7-04-000160-8:4.00元 |
| ● |
| 相关链接 |
|
|
|
正题名:结构力学解题指导及习题集
索取号:TU311-44/ZH.275
 
预约/预借
| 序号 | 登录号 | 条形码 | 馆藏地/架位号 | 状态 | 备注 |
| 1 | 200120742 | 建筑库101/ [索取号:TU311-44/ZH.275] | 在馆 | ||
| 2 | 1367 | 200120225 | 自科二线404/404自科库 25排1列1层/ [索取号:TU311-44/ZH.275] | 在馆 | |
| 3 | 204003 | 202040031 | 建筑库101/ [索取号:TU311-44/ZH.275] | 在馆 | |
| 4 | 209939 | 202099399 | 建筑库101/ [索取号:TU311-44/ZH.275] | 在馆 | |
| 5 | 460462 | 204604623 | 建筑库101/101建筑库 78排3列3层/ [索取号:TU311-44/ZH.275] | 在馆 | |
| 6 | 7191 | 200120145 | 自科二线404/404自科库 27排1列1层/ [索取号:TU311-44/ZH.275] | 在馆 | |
| 7 | 7192 | 200119629 | 自科二线404/404自科库 26排5列4层/ [索取号:TU311-44/ZH.275] | 在馆 | |
| 8 | 7193 | 200120261 | 建筑库101/ [索取号:TU311-44/ZH.275] | 在馆 | |
| 9 | 7194 | 200119745 | 建筑库101/404自科库 27排5列1层/ [索取号:TU311-44/ZH.275] | 在馆 | |
| 10 | 7195 | 200120706 | 自科二线404/404自科库 27排5列3层/ [索取号:TU311-44/ZH.275] | 在馆 | |
| 11 | 7196 | 200121313 | 自科二线404/404自科库 27排5列5层/ [索取号:TU311-44/ZH.275] | 在馆 | |
| 12 | 7198 | 200186413 | 建筑库101/101建筑库 78排3列3层/ [索取号:TU311-44/ZH.275] | 在馆 | |
| 13 | 7199 | 200187886 | 自科二线404/404自科库 27排1列1层/ [索取号:TU311-44/ZH.275] | 在馆 | |
| 14 | 7202 | 200119148 | 建筑库101/101建筑库 78排3列3层/ [索取号:TU311-44/ZH.275] | 在馆 | |
| 15 | 7203 | 200119709 | 自科二线404/404自科库 27排4列1层/ [索取号:TU311-44/ZH.275] | 在馆 | |
| 16 | 7204 | 200120181 | 建筑库101/101建筑库 78排3列3层/ [索取号:TU311-44/ZH.275] | 在馆 | |
| 17 | 7205 | 200119665 | 自科二线404/404自科库 27排4列1层/ [索取号:TU311-44/ZH.275] | 在馆 |